000 00275nam a22001217a 4500
008 170510b xxu||||| |||| 00| 0 eng d
041 _aeng
080 _a343.9
100 _a15
101 _aSHJ
245 _aUNDERTANDING CRIMINAL PROCEDURE
_cDRESSLER.J
942 _2udc
_cBK
999 _c13064
_d13064